ENGINEERING SCENCE FOR MECHANICAL ENGINEERING TECHNICIANS PART-I (Record no. 567537)

000 -LEADER
fixed length control field 00285nam a22001097a 4500
082 ## - DEWEY DECIMAL CLASSIFICATION NUMBER
Classification number 621 MUD'E
100 ## - MAIN ENTRY--PERSONAL NAME
Personal name MUDGE, I. W,ROMNEY, G. C
9 (RLIN) 57246
245 ## - TITLE STATEMENT
Title ENGINEERING SCENCE FOR MECHANICAL ENGINEERING TECHNICIANS PART-I
250 ## - EDITION STATEMENT
Edition statement V-1
260 ## - PUBLICATION, DISTRIBUTION, ETC.
Place of publication, distribution, etc. LONDON
Name of publisher, distributor, etc. EUP
Date of publication, distribution, etc. 1963
942 ## - ADDED ENTRY ELEMENTS (KOHA)
Koha item type Book
Holdings
Withdrawn status Lost status Damaged status Not for loan Permanent Location Current Location Shelving location Date acquired Total Checkouts Full call number Barcode Date last seen Price effective from Koha item type
        College of Electrical & Mechanical Engineering (CEME) College of Electrical & Mechanical Engineering (CEME) General Stacks 07/12/2017   621 MUD'E CEME-4260 06/28/2021 06/28/2021 Book
© 2023 Central Library, National University of Sciences and Technology. All Rights Reserved.